| 000 | 00446nam a22001817a 4500 | ||
|---|---|---|---|
| 003 | NUST - PNEC | ||
| 005 | 20170116181055.0 | ||
| 008 | 150930b xxu||||| |||| 00| 0 eng d | ||
| 020 | _a0273619837 | ||
| 040 | _cLIBRARY | ||
| 082 | _a657 WOO | ||
| 100 |
_912036 _a Wood, Frank |
||
| 245 |
_aBusiness accounting 2 _cFrank Wood |
||
| 250 | _a7th ed. | ||
| 260 | _c1996 | ||
| 650 |
_911272 _aAccounting--Data processing _xMIS |
||
| 942 |
_2ddc _cBK |
||
| 999 |
_c68525 _d68525 |
||